000 00471nam a2200181Ia 4500
001 11535
005 20260306162835.0
008 260306t2006||||xx |||||||||||||| ||spa||
041 _aESP
082 _a985.072
_bF38
100 _aFondo Editorial Pro Biografía del Presidente Fernando Belaúnde Terry
_eAUT
245 0 _aFernando Belaúnde Terry
260 _c2006
300 _a502 páginas :
_ccm.
650 _aGEN
654 _aCHU
942 _cLIB
_dJUS
_fJUS
_2ddc
_n
999 _c11535
_d11535